000 00204 a2200097 4500
001 20052
100 _aRassum, R V
245 _aTrack events
260 _a
_bFaber popular Books
_c
090 _c14646
_d14646
942 _aNUST-CAE
_cM
_c5165
999 _c255125
_d255125